Charakteristika penzijného poistenia v krajinách OECD bakalárska práca

Salvato in:
Dettagli Bibliografici
Autore principale: Garaiová, Martina
Ente Autore: Fakulta hospodárskej informatiky EU. Katedra matematiky a aktuárstva
Altri autori: Škrovánková, Lea, 1954-
Natura: Libro
Lingua:slovacco
Pubblicazione: Bratislava 2014
Tags: Aggiungi Tag
Nessun Tag, puoi essere il primo ad aggiungerne!!

MARC

LEADER 00000nbm a2200000 4500
001 0189902
005 20170201112820.2
041 0 |a slo 
044 |a SK 
245 1 0 |a Charakteristika penzijného poistenia v krajinách OECD  |b bakalárska práca  |c Martina Garaiová ; školiteľ: Lea Škrovánková 
264 1 |a Bratislava  |c 2014 
300 |a 41 s. 
100 1 |a Garaiová, Martina 
700 1 |a Škrovánková, Lea, 1954- 
710 2 |a Fakulta hospodárskej informatiky EU. Katedra matematiky a aktuárstva